Państwa na Antarktydzie (Państwa) - Statystyki

Ogólne statystyki
  • Ten quiz został rozwiązany 57 razy
  • Średni wynik to 5 z 8
Statystyki odpowiedzi
Państwo % Poprawnych
Australia
80%
Norwegia
75%
Norwegia
75%
Chile
73%
Francja
73%
Argentyna
70%
Nowa Zelandia
61%
Brytania
7%
Nie znaleziono quizów pasujących do podanych kryteriów
Rozkład punktacji
Procent ludzi z każdym wynikiem
Percentyl według liczby udzielonych odpowiedzi
Twoja historia wyników
Nie rozwiązałeś tego quizu